| 000 | 00494nam a22001817a 4500 | ||
|---|---|---|---|
| 005 | 20251204144121.0 | ||
| 008 | 251203b |||||||| |||| 00| 0 eng d | ||
| 020 | _a978-81-19336-25-8 | ||
| 041 | _aeng | ||
| 082 | _a616.07 JAI-P | ||
| 100 |
_aJAIN, DR.A.K. _98844 |
||
| 245 | _aPHYSIOLOGICAL ASPECTS OF CLINICAL CASES [FREE WITH TEXT BOOK] | ||
| 250 | _a1ST ED 2023 | ||
| 260 |
_aNEW DELHI _bARYA PUBLISHING COMPANY |
||
| 300 | _a146;P | ||
| 650 |
_aPARAMEDICAL _xBMIRT _98845 |
||
| 942 | _cBK | ||
| 999 |
_c9025 _d9023 |
||